Detalles MARC
| 000 -LÍDER |
| Campo fijo de descripción fija |
01882aam a2200313 i 4500 |
| 001 - NÚMERO DE CONTROL |
| Campo de control |
768714001 |
| 003 - IDENTIFICADOR DEL NÚMERO DE CONTROL |
| Campo de control |
CO-MdFUSB |
| 005 - FECHA Y HORA DE LA ULTIMA TRANSACCIÓN |
| control field |
20201105110617.0 |
| 007 - CAMPO FIJO DE DESCRIPCIÓN FIJA--INFORMACIÓN GENERAL |
| Campo fijo de descripción fija |
ta |
| 008 - ELEMENTOS DE LONGITUD FIJA -- INFORMACIÓN GENERAL |
| Campo fijo de descripción fija -- Información general |
200522t1925 enka|||| |||| 00| 0 eng d |
| 020 ## - NÚMERO INTERNACIONAL NORMALIZADO PARA LIBROS |
| Número Internacional Normalizado del libro |
[No incluye ISBN] |
| 040 ## - FUENTE DE CATALOGACIÓN |
| Idioma de catalogación |
spa. |
| Agencia de catalogación original |
CO-MdFUSB |
| Agencia que realiza la transcripción |
CO-MdFUSB |
| Agencia que realiza la modificación |
CO-MdFUSBC |
| Convenciones de la descripción |
rda |
| 041 ## - CÓDIGO DE IDIOMA |
| Código de idioma para texto/pista de sonido o título separado |
eng |
| 082 ## - NÚMERO DE CLASIFICACIÓN DECIMAL DEWEY |
| Número de la edición del Dewey |
23 |
| Número de clasificación |
221.7 |
| Clave de autor-Numero de item |
P419 |
| 245 14 - TÍTULO |
| Título del Material |
The people and the book : |
| Parte restante del título - Subtitulo |
essays on the old testament |
| Mención de responsabilidad, etc. |
/ editado por Arthur S. Peake |
| 264 #1 - PRODUCCIÓN, PUBLICACIÓN, DISTRIBUCIÓN, MANUFACTURA, Y COPYRIGHT |
| Lugar de producción, publicación, distribución, manufactura |
Oxford, Inglaterra : |
| Nombre del productor, publicador, distribuidor |
The Clarendon Press, |
| Fecha de producción, publicación, distribución, manufactura, o copyright |
[1925] |
| 264 #4 - PRODUCCIÓN, PUBLICACIÓN, DISTRIBUCIÓN, MANUFACTURA, Y COPYRIGHT |
| Fecha de producción, publicación, distribución, manufactura, o copyright |
© 1925 |
| 300 ## - DESCRIPCIÓN FÍSICA |
| Extensión |
xx, 508 páginas |
| Dimensiones |
; 20 cm |
| 336 ## - TIPO DE CONTENIDO |
| Término de tipo de contenido |
texto |
| Código de tipo de contenido |
txt |
| Fuente |
rdacontent |
| 337 ## - TIPO DE MEDIO |
| Fuente |
rdamedia |
| Nombre del tipo de medio |
sin mediación |
| Código del tipo de medio |
n |
| 338 ## - TIPO DE SOPORTE |
| Fuente |
rdacarrier |
| Nombre del tipo de soporte |
volumen |
| Código Tipo de soporte |
nc |
| 505 ## - NOTA DE CONTENIDO |
| Nota de contenido con formato preestablecido |
Israel y las naciones vecinas / por HR Hall - El ambiente religioso de Israel / por SA Cook - El estudio moderno del idioma hebreo / por GR Driver - La historia de Israel / por AC Welch - Los métodos de mayor crítica / por TH Robinson - La posición actual de la crítica del Antiguo Testamento / por JE McFadyen - Religión hebrea de Moisés a Saúl / por WF Lofthouse - La religión de Israel de David al regreso del exilio / por el editor - El desarrollo de la religión de Israel desde el regreso a la muerte de Simón el Macabeo / por WE Barnes - Adoración y ritual / por WOE Oesterley - Psicología hebrea / por HW Robinson - La contribución del Antiguo Testamento al desarrollo religioso de la humanidad / por RH Kennett - Interpretación judía del Antiguo Testamento / por I. Abrahams - El valor y la importancia del Antiguo Testamento en relación con el Nuevo / por GH Box - Los horizontes del estudio del Antiguo Testamento / por GB Gray. |
| 563 ## - NOTA DE ENCUADERNACIÓN |
| Nota de encuadernación |
Pasta dura |
| 630 07 - TITULO UNIFORME |
| Título uniforme |
Biblia. |
| Nombre de parte o sección de la obra |
Antiguo Testamento |
| Subdivisión de forma |
Ensayos. |
| 700 ## - ASIENTO SECUNDARIO - NOMBRE PERSONAL |
| 9 (RLIN) |
3884 |
| Nombre personal |
Peake, Arthur Samuel, |
| Responsabilidad |
editor |
| 942 ## - TIPO DE MATERIAL (KOHA) |
| Tipo de Item KOHA |
Libros General |
| 945 ## - INFORMACIÓN LOCAL DEL REGISTRO |
| Catalogador |
JTF-925 |